Nghiệp vụ xuất nhập khẩu : Incoterms 2010; UCP 600
Cung cấp những kỹ năng, tập quán trong hoạt động kinh doanh xuất nhập khẩu, cũng như những chính sách của Nhà nước ta đối với ngành xuất nhập khẩu hàng hóa.
Saved in:
| Format: | Book |
|---|---|
| Language: | Undetermined |
| Published: |
Hà Nội
Lao động
2011
|
| Subjects: | |
| Tags: |
Add Tag
No Tags, Be the first to tag this record!
|
| Institutions: | Trung tâm Học liệu Trường Đại học Cần Thơ |
|---|
| LEADER | 00880nam a2200205Ia 4500 | ||
|---|---|---|---|
| 001 | CTU_180396 | ||
| 008 | 210402s9999 xx 000 0 und d | ||
| 020 | |c 48000 | ||
| 082 | |a 382.3 | ||
| 082 | |b Ngh307 | ||
| 245 | 0 | |a Nghiệp vụ xuất nhập khẩu : | |
| 245 | 0 | |b Incoterms 2010; UCP 600 | |
| 245 | 0 | |c International Chamber of Commerce | |
| 260 | |a Hà Nội | ||
| 260 | |b Lao động | ||
| 260 | |c 2011 | ||
| 520 | |a Cung cấp những kỹ năng, tập quán trong hoạt động kinh doanh xuất nhập khẩu, cũng như những chính sách của Nhà nước ta đối với ngành xuất nhập khẩu hàng hóa. | ||
| 650 | |a Commercial policy,Foreign trade regulation,Internatonal trade,Chính sách ngoại thương | ||
| 904 | |i Tuyến | ||
| 980 | |a Trung tâm Học liệu Trường Đại học Cần Thơ | ||